Festara (Record no. 59066)

MARC details
000 -LEADER
campo de control de longitud fija 00667nam a2200205 i 4500
001 - NÚMERO DE CONTROL
campo de control 59066
003 - IDENTIFICADOR DE NÚMERO DE CONTROL
campo de control ES-MaACL
005 - FECHA Y HORA DE LA ÚLTIMA TRANSACCIÓN
campo de control 20230906163943.0
007 - CAMPO FIJO DE DESCRIPCIÓN FÍSICA--INFORMACIÓN GENERAL
campo de control de longitud fija t|
008 - DATOS DE LONGITUD FIJA--INFORMACIÓN GENERAL
campo de control de longitud fija 031027s1964 sp ||||1| baq d
100 1# - ENTRADA PRINCIPAL--NOMBRE DE PERSONA
Nombre de persona Echagaray, José Vicente de.
9 (RLIN) 46484
245 10 - MENCIÓN DEL TÍTULO
Título Festara
Resto del título : (Berebertso guzin bilduma) /
Mención de responsabilidad, etc. José Vicente de Echagaray ; (biltzallea, A. Zavala).
260 ## - PUBLICACIÓN, DISTRIBUCIÓN, ETC.
Lugar de publicación, distribución, etc. San Sebastián :
Nombre del editor, distribuidor, etc. Auspoa Liburutegia,
Fecha de publicación, distribución, etc. 1964.
300 ## - DESCRIPCIÓN FÍSICA
Extensión 271 p. ;
Dimensiones 18 cm.
490 1# - MENCIÓN DE SERIE
Mención de serie Auspoa liburutegia ;
Designación de volumen o secuencia 35-36
700 1# - ENTRADA AGREGADA--NOMBRE PERSONAL
Nombre de persona Zavala, Antonio.
9 (RLIN) 118104
830 0# - PUNTO DE ACCESO ADICIONAL DE SERIE-TÍTULO UNIFORME
Título uniforme Auspoa liburutegia ;
Designación de volumen o secuencia 35-36
9 (RLIN) 181493
852 ## - LOCALIZACIÓN
Ubicación ES-MaACL
Número de control de estantería C-26243
Sublocalización o colección R.54391
Holdings
Estatus retirado Estado de pérdida Estado de daño No para préstamo Biblioteca de origen Biblioteca actual Ubicación en estantería Fecha de adquisición Fuente de adquisición Total de préstamos Signatura topográfica completa Código de barras Visto por última vez Precio de reemplazo Tipo de ítem Koha
        Biblioteca del Ateneo de Madrid Biblioteca del Ateneo de Madrid Depósito 2 17/01/2008     C-26243 1061957 23/02/2023 23/02/2023 Libro impreso